Selva cuenta : (Registro nro. 4482)

Detalles MARC
000 -CABECERA
Campo de control 00895nam a2200265 a 4500
005 - FECHA Y HORA DE LA ULTIMA TRANSACCION
Campo de control 20191224041738.0
008 - ELEMENTOS DE LONGITUD FIJA—INFORMACION GENERAL
Campo de control 140115s2003 ck a gr|||| 000 0 spa d
020 ## - ISBN
ISBN 9586557251
040 ## - FUENTE DE CATALOGACIÓN
Agencia catalogadora original CO-BoIAVH
Agencia transcriptora CO-BoIAVH
041 0# - IDIOMA
Código de idioma para texto/pista de sonido o título separado Español
044 ## - PAÍS DE PUBLICACIÓN
País de publicación Colombia
090 ## - CLASIFICACIÓN LOCAL
Colección EA
Consecutivo 00043
110 2# - ASIENTO PRINCIPAL--NOMBRE CORPORATIVO
Unidad subordinad Comunidades indígenas Amazónicas
9 (RLIN) 3970
245 10 - MENCION DE TITULO
Título Selva cuenta :
Parte restante del título pueblos y relatos /
Mención de responsabilidad Compilación de Juan Carlos Orrego
250 ## - MENCION DE EDICION
Mención de edición Primera edición
260 ## - PUBLICACION, DISTRIBUCION, ETC. (PIE DE IMPRENTA)
Lugar de publicación, distribución, etc. Medellín :
Nombre del editor, distribuidor, etc. Universidad de Antioquia :
-- Colciencias :
-- Comunidades indígenas Amazónicas,
Fecha de publicación, distribución, etc. 2003.
300 ## - DESCRIPCION FISICA
Extensión 78 páginas :
Otros detalles físicos Ilustraciones ;
Dimensiones 28 x 22 cm.
650 #6 - ASIENTO SECUNDARIO DE MATERIA - TERMINO TEMATICO
Término temático o nombre geográfico como elemento de entrada Comunidades indígenas
9 (RLIN) 55887
650 #6 - ASIENTO SECUNDARIO DE MATERIA - TERMINO TEMATICO
Término temático o nombre geográfico como elemento de entrada Niños y medio ambiente
9 (RLIN) 30438
662 ## - ASIENTO SECUNDARIO DE MATERIA - JERARQUIA DEL NOMBRE DE LUGAR(
País o entidad mayor Colombia
Jurisdicción política de primer orden Amazonas
700 1# - ASIENTO SECUNDARIO - NOMBRE PERSONAL
Nombre personal Orrego, Juan Carlos
9 (RLIN) 3971
710 2# - ASIENTO SECUNDARIO - NOMBRE CORPORATIVO
Nombre corporativo o de jurisdicción como elemento de entrada Universidad de Antioquia
9 (RLIN) 532
710 2# - ASIENTO SECUNDARIO - NOMBRE CORPORATIVO
Nombre corporativo o de jurisdicción como elemento de entrada Colciencias
9 (RLIN) 55889
942 ## - ELEMENTOS ADICIONALES (KOHA)
Tipo de ítem Libro
Sistema de clasificación Local
Existencias
Withdrawn status Lost status Sistema de Clasificación Damaged status No para préstamo Colección Inventariado Ubicación Permanente Ubicación actual Fecha de adquisición Fuente de Valor Total Checkouts Número topográfico Inventario / Código de Barras Date last seen Ejemplar Price effective from Forma de adquisición Tipo de material
    Local     Educación Ambiental Inventariado 2017 Sala Fabio Quevedo Sala Fabio Quevedo 17/05/2005 Turbay, Sandra   EA-00043 017913 04/12/2012 Ej. 1 04/12/2012   Libro